000 01039na a2200265 4500
001 18334
003 MIRAKIL
005 20181213155205.0
008 161116b tu 000 0
035 _a18334
040 _aMilas
_btur
_cTR-AnCHP
041 _atur
082 _aCHP 328.331
_bG29d 2006
090 _aCHP 328.331 G29d 2006
100 _aGazalcı, Mustafa
_cTBMM Milli Eğitim, Kültür, Gençlik ve Spor Komisyonu üyesi
_cCHP Denizli Milletvekili
245 _a4. yıllık değerlendirme
_b1 Ocak 2006-31 Aralık 2006
_cMustafa Gazalcı
260 _a[y.y.]
_b[yayl. y.]
_c[2006]
300 _a64 s.
_bres.
_c21 sm.
505 _aTBMM genel kurulunda konuşma -- yasa önerisi -- Araştırma önergesi -- Soru önergesi -- Basın duyurusu -- Basın toplantısı --televizyon ve radyo
600 _aGazalcı, Mustafa
_xBasın
600 _aGazalcı, Mustafa
_xÇalışma raporları
600 _aGazalcı, Mustafa
_cCHP Denizli Milletvekili
_xMeclis çalışmaları
610 _aCHP
_xTBMM
_yÖnergeler
942 _2ddc
_cBKS
999 _c8246
_d8246